000 00472nam a2200169 a 4500
001 15456
005 20180713204132.0
008 140415s1952 000 0 spa d
041 _aspa
082 _a516.01
_bSAU
100 1 _aSAUMELLS, ROBERTO
245 1 3 _aLA DIALECTICA DEL ESPACIO
260 _a[s.l.] :
_bDEPARTAMENTO DE FILOSOFIA DE LA CULTURA,
_c1952
300 _a222
490 _aMONOGRAFIAS FILOSOFICAS
650 1 4 _aGEOMETRIA
_xFUNDAMENTOS
999 _c15456
_d15456